| 000 | 00772nam a2200229Ia 4500 | ||
|---|---|---|---|
| 001 | 10344 | ||
| 003 | GE_BSU | ||
| 008 | 181216s||||||||xx |||||||||||||| ||und|| | ||
| 040 | _cGE_BSU | ||
| 080 | _a82-93 | ||
| 100 | _aურჯუმელაშვილი, ვანო | ||
| 245 | _aსუვოროველები | ||
| 245 | _bმოთხრობა საშ.ასკ.ასაკის ბავშვ. | ||
| 245 | _cრედ.ლ.ქადაგიშვილი.მხატვ. ა.ლურიე | ||
| 260 | _aთბილისი | ||
| 260 | _bნაკადული | ||
| 260 | _c1968 | ||
| 300 | _a55გვ.ილ.21სმ. | ||
| 653 | _aმოთხრობება | ||
| 653 | _aსუვოროველები | ||
| 942 | _cBK | ||
| 999 |
_c43609 _d43609 |
||